000 00605nam a22001817a 4500
999 _c188266
_d188266
005 20220513154055.0
010 _aENG-132620
020 _a9789351952718
_c299.00
035 _aEN-116152
037 _bDBAD/PUB
082 _a181.432
100 _aSorensen, Braja
245 _aLiving the Bhagavad Gita:
_bAncient Wisdom For Modern Life/
_cBraja Sorensen
260 _aGurugram
_bHachette Book Publishing India Pvt. Ltd
_c2019
270 _a4th & 5th Floors, Corporate Centre, Plot No. 94, Sector 44
_bGurugram
_e122003
300 _a196p
_c20cm(pbk)
942 _2ddc
_cEN
_mSOR
_h181.432